000 00436nam a22001697a 4500
003 NUST
005 20260209100815.0
008 260209b ||||| |||| 00| 0 eng d
020 _a978-1589480674
082 _a910.285
100 _aHodson, Tim.
_9133127
245 _aUsing ArcGIS survey analyst: GIS by ESRI /
_cHodson, Tim.
260 _aUSA:
_bESRI Press,
_c2002.
300 _a304 p ;
563 _aPaperback
942 _2ddc
_cBK
999 _c616132
_d616132